Największe miasta w Kazachstanie - Statystyki

Ogólne statystyki
  • Ten quiz został rozwiązany 288 razy
  • Średni wynik to 3 z 10
Statystyki odpowiedzi
Miasto Liczba ludności % Poprawnych
Astana 742 918
98%
Ałmaty 1 450 327
77%
Karaganda 475 370
35%
Aktobe 367 391
30%
Szymkent 642 602
27%
Pawłodar 322 305
26%
Semej 305 795
16%
Taraz 326 113
13%
Uralsk 218 136
13%
Ust-Kamienogorsk 309 534
6%
Nie znaleziono quizów pasujących do podanych kryteriów
Rozkład punktacji
Procent ludzi z każdym wynikiem
Percentyl według liczby udzielonych odpowiedzi
Twoja historia wyników
Nie rozwiązałeś tego quizu